Is it in the Americas? Sudden Death - Statistics

General Stats
  • This quiz has been taken 183 times
  • The average score is 12 of 17
Answers on the Grid
Answers color-coded by a green-red scale on the quiz's grid according to % correct below.
Niagara Falls
Andes Mountains
Yucatan Peninsula
Lake Baikal
Ganges River
Great Salt Lake
Lake Tanganyika
Great Bear Lake
Great Slave Lake
Lake Titicaca
Sierra Madre Mountains
Sahara Desert
Congo Basin Rainforest
Amazon River
Hudson Bay
Mount Fuji
Sulawesi Lowland Rain Forests
Sonoran Desert
Lake Ladoga
Patagonia
Thar Desert
Mekong River
Monteverde Cloud Forest Reserve
Rainbow Mountain
Pangaea Bay
Easter Island
Banff National Park
Galapagos Islands
 
Answer Stats
Answer % Correct
Niagara Falls
91%
Hudson Bay
87%
Great Salt Lake
85%
Yucatan Peninsula
82%
Amazon River
81%
Andes Mountains
78%
Great Bear Lake
76%
Galapagos Islands
72%
Lake Titicaca
70%
Sierra Madre Mountains
70%
Banff National Park
68%
Patagonia
68%
Great Slave Lake
52%
Sonoran Desert
51%
Easter Island
49%
Monteverde Cloud Forest Reserve
49%
Rainbow Mountain
42%
No matching quizzes found
Score Distribution
Percent of People with Each Score
Percentile by Number Answered
Your Score History
You have not taken this quiz